Meet my father (4) (Record no. 99115)

MARC details
000 -LEADER
fixed length control field 00740nam a2200277 i 4500
001 - CONTROL NUMBER
control field C2-0294477
003 - CONTROL NUMBER IDENTIFIER
control field PPAK
005 - DATE AND TIME OF LATEST TRANSACTION
control field 20180728030206.0
008 - FIXED-LENGTH DATA ELEMENTS--GENERAL INFORMATION
fixed length control field 090210s2001 my a|||| ||||| | eng d
020 ## - INTERNATIONAL STANDARD BOOK NUMBER
International Standard Book Number 9831501322
040 ## - CATALOGING SOURCE
Original cataloging agency PPAK
Language of cataloging eng
Transcribing agency PPAK
Description conventions rda
082 04 - DEWEY DECIMAL CLASSIFICATION NUMBER
Classification number 428.6
Edition number 23
090 00 - LOCALLY ASSIGNED LC-TYPE CALL NUMBER (OCLC); LOCAL CALL NUMBER (RLIN)
Classification number (OCLC) (R) ; Classification number, CALL (RLIN) (NR) 428.6
Feature heading AZI
Feature heading RK
100 0# - MAIN ENTRY--PERSONAL NAME
Personal name Azizah Mokhzani,
Relator term author
245 10 - TITLE STATEMENT
Title Meet my father (4)
264 #1 - PRODUCTION, PUBLICATION, DISTRIBUTION, MANUFACTURE, AND COPYRIGHT NOTICE
Place of production, publication, distribution, manufacture Kuala Lumpur :
Name of producer, publisher, distributor, manufacturer Arus Intelek ,
Date of production, publication, distribution, manufacture, or copyright notice 2001
300 ## - PHYSICAL DESCRIPTION
Extent 14 pages :
Other physical details colour illustrations ;
Dimensions 48 cm
336 ## - CONTENT TYPE
Source rdacontent
Content type term text
337 ## - MEDIA TYPE
Source rdamedia
Media type term unmediated
338 ## - CARRIER TYPE
Source rdacarrier
Carrier type term volume
490 1# - SERIES STATEMENT
Series statement Graded reading books
500 ## - GENERAL NOTE
General note Big book
650 10 - SUBJECT ADDED ENTRY--TOPICAL TERM
Topical term or geographic name entry element Readers
830 #0 - SERIES ADDED ENTRY--UNIFORM TITLE
Uniform title Graded reading books
942 ## - ADDED ENTRY ELEMENTS (KOHA)
-- dc
Koha item type Book
Holdings
Withdrawn Not for loan Current library Shelving location Date acquired Full call number Barcode Date last seen Koha item type
  Not For Loan Perpustakaan Alor Setar Rujukan Kanak-kanak 23/02/2009 RK 428.6 AZI A01274984 09/05/2018 Book
  Not For Loan Perpustakaan Awam Sungai Petani Rujukan Kanak-kanak 23/02/2009 RK 428.6 AZI A01274985 09/05/2018 Book
  Not For Loan Perpustakaan Baling Rujukan Kanak-kanak 23/02/2009 RK 428.6 AZI A01274988 09/05/2018 Book
  Not For Loan Perpustakaan Jitra Rujukan Kanak-kanak 23/02/2009 RK 428.6 AZI A01274986 09/05/2018 Book
  Not For Loan Perpustakaan Merbok Rujukan Kanak-kanak 10/02/2009 RK 428.6 AZI A01272109 09/05/2018 Book